Bilecik Bilecik Bilecik Bilecik Bilecik

Osman Nevres ve dîvânı : (Record no. 42759)

MARC details
000 -BAŞLIK
Sabit Uzunluktaki Kontrol Alanı 01564nam a22004097a 4500
001 - KONTROL NUMARASI
Control Dosyası 0042936
003 - KONTROL NUMARASI KİMLİĞİ
Kontrol Alanı KOHA_MİRAKIL
005 - EN SON İŞLEM TARİHİ ve ZAMANI
Kontrol Alanı 20260207003329.0
007 - FİZİKSEL TANIM SABİT ALAN - GENEL BİLGİ
Sabit uzunluklu kontrol alanı ta
008 - SABİT UZUNLUKTAKİ VERİ ÖGELERİ - GENEL BİLGİ
Sabit Alan 130730b2010 tu |||gr||||#0|||1|tur |
020 ## - ISBN - ULUSLARARASI STANDART KİTAP NUMARASI
Isbn 9789753389624
020 ## - ISBN - ULUSLARARASI STANDART KİTAP NUMARASI
Isbn 9753389620
040 ## - KATALOGLAMA KAYNAĞI
Özgün Kataloglama Kurumu TR-BiSEU
Kataloglama Dili tur
Çeviri Kurumu TR-BiSEU
Açıklama Kuralları rda
041 0# - DİL KODU
Metin ya da ses kaydının dil kodu tur
044 ## - YAYINLAYAN/ÜRETEN KURULUŞUN ÜLKE KODU
ISO country code tu
050 ## - SINIFLAMA ve YER NUMARASI
Sınıflama Numarası PL248.D580
Yer Numarası O85 2010
100 0# - KİŞİ ADI
Yazar Adı (Kişi adı) Osman Nevres.
245 1# - ESER ADI BİLDİRİMİ
Başlık Osman Nevres ve dîvânı :
Alt Eseradı vb. hayatı, eserleri, edebî kişiliği, Türkçe șiirleri, bazı mektupları, Perî ile Civân ve Destâr-ı Hayâl mesnevîleri :
-- inceleme, metin/
Sorumluluk Bildirimi Osman Nevres ; Bayram Ali Kaya.
250 ## - BASIM BİLDİRİMİ
Basım Bildirimi Gözden geçirilmiş 2. baskı
264 #1 - ÜRERİM, YAYIN, DAĞITIM ve TELİF BİLDİRİMİ
Yayın yeri Ankara :
Yayınlayan Akçağ Yayınları
Yayın tarihi 2010
300 ## - FİZİKSEL TANIMLAMA
Sayfa, Cilt vb. 661 sayfa ;
Boyutları 24 cm.
336 ## - İÇERİK TÜRÜ
Content type term metin
Content type code txt
Source rdacontent
337 ## - MEDYA TÜRÜ
Media type term aracısız
Media type code n
Source rdamedia
338 ## - TAŞIYICI TÜRÜ
Carrier type term cilt
Carrier type code nc
Source rdacarrier
490 1# - DİZİ BİLDİRİMİ
Dizi Bildirimi Akçağ yayınları ;
Cilt Numarası 961.
490 1# - DİZİ BİLDİRİMİ
Dizi Bildirimi Eski Türk Edebiyatı ;
Cilt Numarası 56
500 ## - GENEL NOT
Genel Not Kaynakça var.
505 ## - İÇİNDEKİLER NOTU
İçindekiler Notu Turkish poetry; 19th century; history and criticism; Osman Nevres, 1820-1876; poet; criticism and interpretation.
650 #0 - KONU BAŞLIĞI EK GİRİŞ - KONU TERİMİ
Konusal terim veya coğrafi ad Osman Nevres, 1820-1876.
9 (RLIN) 79880
650 #0 - KONU BAŞLIĞI EK GİRİŞ - KONU TERİMİ
Konusal terim veya coğrafi ad Poets, Turkish--19th century--Criticism and interpretation.
9 (RLIN) 79881
650 #0 - KONU BAŞLIĞI EK GİRİŞ - KONU TERİMİ
Konusal terim veya coğrafi ad Turkish poetry--19th century--History and criticism.
9 (RLIN) 79882
650 #0 - KONU BAŞLIĞI EK GİRİŞ - KONU TERİMİ
Konusal terim veya coğrafi ad Poets, Turkish--19th century--Biography.
9 (RLIN) 79883
830 1# - SERİ EK GİRİŞİ - TEKBİÇİM ESER ADI
Tekbiçim Başlık Akçağ yayınları ;
Volume number/sequential designation 961.
9 (RLIN) 7970
830 1# - SERİ EK GİRİŞİ - TEKBİÇİM ESER ADI
Tekbiçim Başlık Eski Türk Edebiyatı ;
Volume number/sequential designation 56
9 (RLIN) 76575
907 ## - LOCAL DATA ELEMENT G, LDG (RLIN)
a Divan
942 ## - EK GİRİŞ ÖGELERİ (KOHA)
Source of classification or shelving scheme Library of Congress Classification
Koha item type Book
Holdings
Materyal Türü Kalıcı Konum Mevcut Konum Raf Yeri Sınıflandırma Kaynağı Edinim Bilgisi Ana Konular Alt Konular Yer Numarası Demirbaş Numarası Fatura Tarihi Maliyet, Alış Fiyatı Maliyet, Yenileme Fiyatı Geri Çekilme Durumu Kayıp Durumu Hasarlı Durumu Kredi için değil Kayıt Tarih Toplam Ödünçverme Son Görülme Tarihi Son Kontrol Tarihi Satın Alma Notu
Book Prof. Dr. Azmi Özcan Kütüphanesi Prof. Dr. Azmi Özcan Kütüphanesi Birûni Salonu Library of Congress Classification Satın DİL VE EDEBİYAT Doğu Asya, Afrika, Okyanusya Dilleri ve Edebiyatları PL248.D580 O85 2010 0042936 24/09/2013 20.93 20.93         30/07/2013   27/05/2025 27/05/2025 73291-73383 (92 sayfa)